Distribution par images - Papy fait de la résistance - Statistiques

Statistiques générales
  • Ce quiz a été pris 128 fois
  • Le résultat moyen est 7 sur 9
Statistiques - réponses
Par images Hint Réponse % Correct
Michel Taupin Christian Clavier
98%
Adolfo Ramirez Gérard Jugnot
94%
Standartenführer Thierry Lhermitte
90%
Jean-Robert Bourdelle Michel Galabru
83%
Ludwig von Apfelstrude Jacques Villeret
81%
Guy-Hubert Bourdelle Martin Lamotte
69%
Bernadette Bourdelle Dominique Lavanant
64%
Herman Spontz Roland Giraud
45%
Jacques Frémontel Jacques François
38%
Aucun quiz correspondant
Distribution des résultats
% des personnes avec chaque résultat
Percentile par nombre de réponses
Votre historique - résultats
Vous n’avez pas pris ce quiz